Mechanics of materials

Guardat en:
Dades bibliogràfiques
Autor principal: Robinson, J. Lister (Autor)
Format: Llibre
Idioma:anglès
Publicat: Nueva York John Wiley 1969
Matèries:
Etiquetes: Afegir etiqueta
Sense etiquetes, Sigues el primer a etiquetar aquest registre!

MARC

LEADER 00000nam a2200000 a 4500
001 UCW1969
003 CL-VaPUC
008 890824e19690000US |||||||||||||||||eng|d
082 0 4 |a 620.112  |b ROB  |2 21 
100 0 |a Robinson, J. Lister  |e author  |9 305941 
245 1 0 |a Mechanics of materials 
300 |a 345 p 
942 |c BK 
945 |d 19890824 00:00:00 
260 |a Nueva York  |b John Wiley  |c 1969 
650 0 |a Resistencia de materiales  |9 260095 
650 7 |a DESGASTE MECANICO  |2 CL-VaPUC  |9 271603 
650 0 |a Mecánica   |9 260096 
583 |a last modification  |c 19890824 00:00:00  |k Rodrigo Vera 
999 |c 216659  |d 216657 
952 |0 0  |1 0  |4 0  |6 620_112000000000000_ROB_1969  |7 0  |8 P  |9 202571  |a BIBMEC  |b BIBMEC  |d 2019-11-14  |i 2698684  |o 620.112 ROB 1969  |p 2698684  |r 2019-11-14  |w 2019-11-14  |y BK  |k MEC 
952 |0 0  |1 0  |4 0  |6 620_112000000000000_ROB_1969  |7 0  |8 P  |9 202573  |a BIBMEC  |b BIBMEC  |d 2019-11-14  |i 2698730  |o 620.112 ROB 1969  |p 2698730  |r 2019-11-14  |w 2019-11-14  |y BK  |k MEC 
952 |0 0  |1 0  |4 0  |6 620_112000000000000_ROB_1969  |7 0  |8 P  |9 202575  |a BIBMEC  |b BIBMEC  |d 2019-11-14  |i 3142094  |o 620.112 ROB 1969  |p 3142094  |r 2019-11-14  |w 2019-11-14  |y BK  |k MEC 
952 |0 0  |1 0  |4 0  |6 620_112000000000000_ROB_1969  |7 0  |8 P  |9 202576  |a BIBMEC  |b BIBMEC  |d 2019-11-14  |i 3142108  |o 620.112 ROB 1969  |p 3142108  |r 2019-11-14  |w 2019-11-14  |y BK  |k MEC 
952 |0 0  |1 0  |4 0  |6 620_112000000000000_ROB_1969  |7 0  |8 P  |9 202577  |a BIBMEC  |b BIBMEC  |d 2019-11-14  |i 2698722  |o 620.112 ROB 1969  |p 2698722  |r 2019-11-14  |w 2019-11-14  |y BK  |k MEC